000 00585nam a2200181Ia 4500
003 IN-BaIIA
008 211028s9999 xx 000 0 eng d
020 _a978-0-547-33604-6
040 _cIIA Library
080 _a[8]:01:00
_bLEV
100 _aLevenson, Thomas
_935133
245 0 _aNewton and the counterfeiter
_bthe unknown detective career of the World's greatest scientist
_cThomas. Levenson
260 _aBoston
_bHoughton Mifflin Harcourt
_c2010
300 _axii, 318p.
650 _aBiography - Newton, Issac
_935134
650 _aPhysicist - Biography
_929127
942 _cBK
999 _c18335
_d18335